Гражданский кодекс Российской Федерации; Ч. 2

Bibliographic Details
Language:Russian
Published: Москва, Инфра-М, 1996
Subjects:
Format: Book
KOHA link:https://koha.lib.tpu.ru/cgi-bin/koha/opac-detail.pl?biblionumber=1589

MARC

LEADER 00000nam0a2200000 4500
001 1589
005 20231030173314.0
010 |a 5862251871 
035 |a (RuTPU)RU\TPU\book\1597 
035 |a BOOK00001599 
090 |a 1589 
100 |a 20011209d1996 m a0rusy50 ca 
101 0 |a rus 
102 |a RU 
105 |a y n 000zy 
200 1 |a Гражданский кодекс Российской Федерации  |h Ч. 2 
210 |a Москва  |c Инфра-М  |d 1996 
215 |a 352 с. 
610 1 |a гражданское право 
610 1 |a гражданский кодекс 
610 1 |a Российская Федерация 
686 |a Х623.0-3  |v LBC/SL-A  |2 rubbk 
801 0 |a RU  |b 63413507  |c 20011209  |g PSBO 
801 2 |a RU  |b 63413507  |c 20170301  |g PSBO 
900 |a Правоведение 
942 |c BK